Online
Catalog

Administración y presupuestos públicos / (Record no. 39564)

MARC details
000 -CABECERA
campo de control de longitud fija 00810nam a2200241 a 4500
001 - NÚMERO DE CONTROL
campo de control 000040074
005 - FECHA Y HORA DE LA ÚLTIMA TRANSACCIÓN
campo de control 20201002033913.0
008 - DATOS DE LONGITUD FIJA--INFORMACIÓN GENERAL
campo de control de longitud fija 130805s1975 mx a 000 0 spa d
040 ## - FUENTE DE LA CATALOGACIÓN
Centro catalogador/agencia de origen DO-SdBNP
Lengua de catalogación spa
Centro/agencia transcriptor BNPHU
041 17 - CÓDIGO DE LENGUA
Código de lengua del texto/banda sonora o título independiente spa
Código de lengua original eng
082 ## - NÚMERO DE LA CLASIFICACIÓN DECIMAL DEWEY
Número de clasificación xxxx
Número de documento/Ítem S823a
100 1# - ENTRADA PRINCIPAL--NOMBRE DE PERSONA
Nombre de persona Steiss, Alan Walter
9 (RLIN) 66333
240 10 - TÍTULO UNIFORME
Título uniforme Public budgeting management.
Lenguaje de la obra Español
245 10 - MENCIÓN DE TÍTULO
Título Administración y presupuestos públicos /
Mención de responsabilidad, etc. Alan Walter Steiss ; traducido por Vicente F. Pardo.
250 ## - MENCIÓN DE EDICIÓN
Mención de edición 2a. imp.
260 ## - PUBLICACIÓN, DISTRIBUCIÓN, ETC.
Lugar de publicación, distribución, etc. méxico :
Nombre del editor, distribuidor, etc. Editorial Diana,
Fecha de publicación, distribución, etc. 1975.
300 ## - DESCRIPCIÓN FÍSICA
Extensión 432 p. ;
Dimensiones 24 cm.
500 ## - NOTA GENERAL
Nota general Incluye referencias biblográficas y notas al pie de las páginas
500 ## - NOTA GENERAL
Nota general Incluye índice
504 ## - NOTA DE BIBLIOGRAFÍA, ETC.
Nota de bibliografía, etc. Bibliografía p. 417-427
590 ## - NOTA LOCAL (RLIN)
Nota local Inventariado, 2019 /LP
700 1# - PUNTO DE ACCESO ADICIONAL--NOMBRE DE PERSONA
Nombre de persona Pardo, Vicente F.,
Término indicativo de función/relación tr.
9 (RLIN) 66334
Holdings
Estado de retiro Estado de pérdida Restricciones de uso No para préstamo Código de colección Localización permanente Ubicación/localización actual Ubicación en estantería Fecha de adquisición Número de inventario Total de préstamos Signatura topográfica completa Código de barras Fecha visto por última vez Precio válido a partir de Tipo de ítem Koha
      Excluido de préstamo Monografías: Libros y Folletos General General Depósito 05.08.2013 LF1   xxxx S823a 40074-10 25.06.2020 25.06.2020 No se presta

Powered by Koha